NLSUI OPAC header image

Commentaries on the railways act, 1989 (Record no. 25123)

MARC details
000 -LEADER
fixed length control field 00424nam a2200157Ia 4500
008 - FIXED-LENGTH DATA ELEMENTS--GENERAL INFORMATION
fixed length control field 160316s2008 xxu||||| |||| 00| 0 eng d
082 ## - DEWEY DECIMAL CLASSIFICATION NUMBER
Classification number 343.095800
Item number RAO
100 ## - MAIN ENTRY--PERSONAL NAME
Personal name Rao P Hari
245 ## - TITLE STATEMENT
Title Commentaries on the railways act, 1989
250 ## - EDITION STATEMENT
Edition statement 6th
260 ## - PUBLICATION, DISTRIBUTION, ETC.
Place of publication, distribution, etc. New Delhi
Name of publisher, distributor, etc. Orient Publishing Company
Date of publication, distribution, etc. 2008
300 ## - PHYSICAL DESCRIPTION
Extent 1704p
Other physical details
Dimensions cxxv
365 ## - TRADE PRICE
Price amount Rs. 1,350
650 ## - SUBJECT ADDED ENTRY--TOPICAL TERM
Topical term or geographic name entry element 1. Railways Act - Commentary
700 ## - ADDED ENTRY--PERSONAL NAME
Personal name
--
Holdings
Withdrawn status Lost status Damaged status Not for loan Home library Current library Shelving location Date acquired Cost, normal purchase price Total Checkouts Full call number Barcode Date last seen Price effective from Koha item type
        . . Library Compactors 30.05.2017 1350.00   343.0958 RAO 22786 30.05.2017 30.05.2017 BOOKs